| 000 | 00898cam a22002413a 4500 | ||
|---|---|---|---|
| 001 | 19899 | ||
| 003 | PGUSA | ||
| 005 | 20140828083424.0 | ||
| 008 | 061123s2006||||xxu|||||s|||||000 | eng d | ||
| 040 |
_aPGUSA _beng |
||
| 042 | _adc | ||
| 050 | 4 | _aPR | |
| 100 | 1 |
_aRussell, William Clark, _d1844-1911 |
|
| 245 | 1 | 4 |
_aThe Honour of the Flag _h[electronic resource] / _cWilliam Clark Russell |
| 260 |
_bProject Gutenberg, _c2006 |
||
| 505 | 0 | _aThe honor of the flag -- Cornered! -- A midnight visitor -- Plums from a sailor's duff -- The strange adventures of a South Seaman -- The adventures of three sailors -- The strange tragedy of the "White Star" -- The ship seen on the ice. | |
| 506 | _aPublic domain in the USA. | ||
| 516 | _aElectronic text | ||
| 653 | _aSea stories, English | ||
| 830 | 0 |
_aProject Gutenberg _v19899 |
|
| 856 | 4 | 0 | _uhttp://www.gutenberg.org/ebooks/19899 |
| 942 | _cEB | ||
| 999 |
_c249154 _d249154 |
||